State of the world, 1989 : (Record no. 12901)

000 -LEADER
fixed length control field 00574cam a2200205Ia 4500
020 ## - INTERNATIONAL STANDARD BOOK NUMBER
ISBN 0393026388 :
020 ## - INTERNATIONAL STANDARD BOOK NUMBER
ISBN 0393305678
040 ## - CATALOGING SOURCE
Transcribing agency IEP
082 ## - DEWEY DECIMAL CLASSIFICATION NUMBER
Classification number 338 NOR 1989 A014 Or.
245 00 - TITLE STATEMENT
Title State of the world, 1989 :
Remainder of title a Worldwatch Institute report on progress toward a sustainable society /
250 ## - EDITION STATEMENT
Edition statement 1st ed
260 ## - PUBLICATION, DISTRIBUTION, ETC. (IMPRINT)
Place of publication New York :
Name of publisher Norton,
Year of publication c1989
300 ## - PHYSICAL DESCRIPTION
Number of Pages xvi, 256 p. ;
Dimensions 24 cm
500 ## - GENERAL NOTE
General note Includes index
650 #0 - SUBJECT ADDED ENTRY--TOPICAL TERM
Topical Term Economic history
650 #0 - SUBJECT ADDED ENTRY--TOPICAL TERM
Topical Term Economic policy
700 1# - ADDED ENTRY--PERSONAL NAME
Personal name Brown, Lester R.
710 2# - ADDED ENTRY--CORPORATE NAME
Corporate name or jurisdiction name as entry element Worldwatch Institute
942 ## - ADDED ENTRY ELEMENTS (KOHA)
Koha item type សៀវភៅភាសាអង់គ្លេស
952 ## - LOCATION AND ITEM INFORMATION (KOHA)
Withdrawn status [LOCAL, KOHA] 0
Holdings
Permanent Location Date acquired Koha item type Lost status Shelving location Barcode Current Location Full call number
Library Block A2017-08-18សៀវភៅភាសាអង់គ្លេស A067A14524Library Block A338 NOR 1989 A067 Or.
មជ្ឈមណ្ឌលឯការនៃសាកលវិទ្យាល័យភូមិន្ទកសិកម្មចំការដូង

Powered by Koha